Catálogo
 En Linea

Compendio terminológico bilingüe para medicina : (Registro nro. 59133)

Detalles MARC
000 -CABECERA
campo de control de longitud fija 02564nam a2200349 i 4500
003 - IDENTIFICADOR DEL NÚMERO DE CONTROL
campo de control DO-SdBNP
005 - FECHA Y HORA DE LA ÚLTIMA TRANSACCIÓN
campo de control 20250603135714.0
007 - CAMPO FIJO DE DESCRIPCIÓN FÍSICA--INFORMACIÓN GENERAL
campo de control de longitud fija ta
008 - DATOS DE LONGITUD FIJA--INFORMACIÓN GENERAL
campo de control de longitud fija 250603s2025 dr a 000 0 spa d
020 ## - NÚMERO INTERNACIONAL ESTÁNDAR DEL LIBRO
Número Internacional Estándar del Libro 9789945291599
040 ## - FUENTE DE LA CATALOGACIÓN
Centro catalogador/agencia de origen DO-SdBNP
Lengua de catalogación spa
Centro/agencia transcriptor BNPHU
Normas de descripción rda
082 #4 - NÚMERO DE LA CLASIFICACIÓN DECIMAL DEWEY
Número de clasificación xxxx
Número de documento/Ítem D542c
Número de edición 22
100 1# - ENTRADA PRINCIPAL--NOMBRE DE PERSONA
Nombre de persona Díaz, Rafael,
Fechas asociadas al nombre 1960-
9 (RLIN) 24865
Término indicativo de función/relación autor
Código de función/relación aut.
245 10 - MENCIÓN DE TÍTULO
Título Compendio terminológico bilingüe para medicina :
Resto del título master book No. 3 /
Mención de responsabilidad, etc. Rafael Díaz
246 10 - FORMA VARIANTE DE TÍTULO
Título propio/Titulo breve Expresiones y vocabulario para todas las ramas de la medicina :
Resto del título para facilitar el desempeño comunicativo de los médicos /
250 ## - MENCIÓN DE EDICIÓN
Mención de edición Tercera edición
264 #4 - PRODUCCIÓN, PUBLICACIÓN, DISTRIBUCIÓN, FABRICACIÓN Y COPYRIGHT
Producción, publicación, distribución, fabricación y copyright [Higüey, República Dominicana] :
Nombre del de productor, editor, distribuidor, fabricante [C.E.F.O.],
Fecha de producción, publicación, distribución, fabricación o copyright ©[2025].
300 ## - DESCRIPCIÓN FÍSICA
Extensión 535 páginas :
Otras características físicas ilustraciones ;
Dimensiones 28 cm.
336 ## - TIPO DE CONTENIDO
Término de tipo de contenido texto
Código de tipo de contenido txt
Fuente rdacontent
337 ## - TIPO DE MEDIO
Nombre/término del tipo de medio sin mediación
Código del tipo de medio n
Fuente rdamedia
338 ## - TIPO DE SOPORTE
Nombre/término del tipo de soporte volumen
Código del tipo de soporte nc
Fuente rdacarrier
500 ## - NOTA GENERAL
Nota general Incluye datos biografícos del autor en la página 1.
500 ## - NOTA GENERAL
Nota general Libro de pasta dura.
500 ## - NOTA GENERAL
Nota general Los datos de isbn y reseña, fueron tomados de la página del ISBN de República Dominicana.
500 ## - NOTA GENERAL
Nota general Los datos de la editora, fueron encontrados en la página de instagram (Centro De Formation CEFO<br/>Centro de Estudio- Formación y Orientación. C.E.F.O HIGUEY TEL:809-554-3457 @:[email protected])
505 ## - NOTA DE CONTENIDO CON FORMATO
Información miscelánea English-Español
520 ## - SUMARIO, ETC.
Sumario, etc. El aprendizaje de la terminología médica ofrece innumerables ventajas, entre las cuales se encuentran, las que se refieren al terreno de las especialidades médicas • Con referencia particularmente a la terminología médica en inglés y español, hay que resaltar, los beneficios que del conocimiento que de ella se desprenden; los grandes avances que se están dando dentro del campo de la medicina a escala mundial ha motivado a los médicos a aprender el idioma inglés como herramienta para un mejor desempeño en sus labores cotidianas e investigaciones científicas, cualquier médico que domina bien esta lengua está en una posición ventajosa para realizar brillantemente cualquier puesto de trabajo. Esto significa mejores condiciones, tales como un mayor beneficio económico y mejores facilidades de triunfo dentro de su carrera. Actualmente, en vista de las exigencias de la vida en el campo médico, se ha hecho imprescindible el uso de la terminología médica en ingles -español en las diferentes ramas de la medicina.
590 ## - NOTA LOCAL (RLIN)
Nota local Inventariado, 2025/ YL
710 ## - PUNTO DE ACCESO ADICIONAL--NOMBRE DE ENTIDAD CORPORATIVA
Nombre de entidad corporativa o nombre de jurisdicción como elemento de entrada Centro de Estudio Formación y Orientación (C.E.F.O)
9 (RLIN) 87967
910 ## - DATOS DE OPCIÓN DEL USUARIO (OCLC)
Datos de opción del usuario YLockward
942 ## - ELEMENTOS DE PUNTO DE ACCESO ADICIONAL (KOHA)
Fuente del sistema de clasificación o colocación Dewey Decimal Classification
Tipo de ítem Koha Libro
Existencias
Estado de retiro Estado de pérdida Fuente del sistema de clasificación o colocación Restricciones de uso No para préstamo Código de colección Localización permanente Ubicación/localización actual Ubicación en estantería Fecha de adquisición Fuente de adquisición Total de préstamos Signatura topográfica completa Código de barras Fecha visto por última vez Precio válido a partir de Tipo de ítem Koha Número de copia
    Dewey Decimal Classification Excluido de préstamo   Patrimonio Dominicano Biblioteca Nacional Pedro Henríquez Ureña Biblioteca Nacional Pedro Henríquez Ureña En catalogación 05.12.2024 Depósito Legal   BNPHU PD xxxx D542c 2025-4797 03.06.2025 03.06.2025 Libro  
    Dewey Decimal Classification Excluido de préstamo   Patrimonio Dominicano Biblioteca Nacional Pedro Henríquez Ureña Biblioteca Nacional Pedro Henríquez Ureña En catalogación 05.12.2024 Depósito Legal   BNPHU PD xxxx D542c 2025-4798 03.06.2025 03.06.2025 Libro e. 2
    Dewey Decimal Classification Préstamo en sala   Dominicana de Servicio Biblioteca Nacional Pedro Henríquez Ureña Biblioteca Nacional Pedro Henríquez Ureña En catalogación 05.12.2024 Depósito Legal   BNPHU DS xxxx D542c 2025-4799 03.06.2025 03.06.2025 Libro e. 3

Con tecnología Koha